000
00308nam a22001337a 4500
008
190306b xxu||||| |||| 00| 0 eng d
020
_a
2740324667654
041
_a
eng
080
_2
14th
_a
531
100
_a
43
101
_a
FIZ
245
_a
An Introduction to Physical Science
_c
Shipman
942
_2
udc
_c
BK
999
_c
54648
_d
54648